[Event "Women’s Grand Prix"]
[Site "New Delhi IND"]
[Date "2023.03.30"]
[EventDate "2023.03.24"]
[Round "5"]
[Result "0-1"]
[White "N Dzagnidze"]
[Black "H Koneru"]
[WhiteElo "2525"]
[BlackElo "2576"]
[PlyCount "118"]

1. d4 d5 2. c4 e6 3. Nc3 Nf6 4. cxd5 exd5 5. Bg5 Bb4 6. e3 h6 7. Bh4 g5 8.
Bg3 Ne4 9. Nge2 h5 10. h4 Bg4 11. f3 Nxg3 12. Nxg3 Be6 13. Qa4+ Nc6 14. Bb5
Bxc3+ 15. bxc3 Bd7 16. Qc2 gxh4 17. Bxc6 Bxc6 18. Nf5 Bd7 19. Nxh4 Qe7 20.
Kf2 O-O-O 21. c4 Rde8 22. Rae1 dxc4 23. Qxc4 Rh6 24. e4 Rc6 25. Qd3 Ra6 26.
Re2 Ra3 27. Qc4 Ra4 28. Qc3 Qf6 29. Rc2 Qxd4+ 30. Qxd4 Rxd4 31. Ke3 Ra4 32.
Kf4 Be6 33. Nf5 Rd8 34. Ra1 Rd3 35. Ng7 Bb3 36. Rb2 Bc4 37. Nxh5 Rda3 38.
Rc1 b5 39. g4 Rxa2 40. Rbb1 R4a3 41. Ng3 Rf2 42. Nf5 Raxf3+ 43. Ke5 Rd3 44.
g5 a5 45. Kf6 Rd6+ 46. Ke7 Re6+ 47. Kf8 Rxe4 48. Rxb5 Re8+ 49. Kg7 Bxb5 50.
Nd6+ Kb8 51. Nxb5 Re5 52. Nxc7 Rxg5+ 53. Kf8 a4 54. Na6+ Ka7 55. Nc5 Rxc5
56. Rxc5 Kb6 57. Rc8 a3 58. Ra8 a2 59. Ke7 Kc5 0-1